| 000 | 00410nam a2200169 a 4500 | ||
|---|---|---|---|
| 001 | 1856 | ||
| 005 | 20140414131923.0 | ||
| 008 | 010430s19uu xx 00 eng d | ||
| 020 | _a1-56987-008-X | ||
| 050 |
_aER _bT22 |
||
| 245 | _aTelling the time. | ||
| 260 |
_aOhio : _bPeter Haddock, _c[n.d.] |
||
| 300 | _a1v. (unp.) : ill. ; cm. | ||
| 440 | _aLearning is fun | ||
| 650 | _aTitle. | ||
| 999 |
_c111867 _d111867 |
||